000 00326nam a22001337a 4500
008 250617b |||||||| |||| 00| 0 eng d
020 _a73158935
050 _aHD60
_b.L88
100 _aFRED, Luthans
245 _aSocial Issues in Business
260 _aAMERICA
_bThe Macmillian Company
_c1972
300 _a280p.
942 _cBK
999 _c3874
_d3874